000 00997nam a2200277 i 4500
003 DO-SdBNP
005 20260305132141.0
007 ta
008 240523b2020 dr ac||| |||| 00| 0 spa d
020 _a9789945598155
040 _aDO-SdBNP
_bspa
_cBNPHU
_erda
041 _aspa
082 4 _axxx
_bxxx
_222
245 0 3 _aEl agua es única; la prioridad sin paralelo :
_bing. Salvador B. Dájer Schéker en la prensa nacional1969-2010 /
_ceditor, Naya Despradel ; prólogo, Frank Moya Pons
264 1 _aSanto Domingo :
_bArgos,
_c2020.
300 _a332 páginas :
_bilustraciones, retratos ;
_c23 cm.
336 _atexto
_btxt
_2rdacontent
337 _asin mediación
_bn
_2rdamedia
338 _avolumen
_bnc
_2rdacarrier
500 _aIncluye referencias bibliográficas y notas al pie de las páginas
590 _aInventariado, 2024/BT
700 1 _aDespradel, Naya,
_eeditor
_4ed.
_981231
700 1 _aMoya Pons, Frank,
_eprologuista
_4pr.
_984999
910 _aBtavárez
942 _2ddc
_cLBS1
999 _c56738
_d56738